[Event "EYCC 2024 - G12"]
[Site "?"]
[Date "2024.08.26"]
[Round "5.15"]
[White "Pribylla, Amelia"]
[Black "Kusova, Nikola"]
[Result "1/2-1/2"]
[BlackElo "1659"]
[WhiteElo "1701"]
[LiveChessVersion "1.4.8"]

1. d4 {[%clk 1:30:57]} d5 {[%clk 1:30:49]} 2. c4 {[%clk 1:31:14]} e6
{[%clk 1:31:04]} 3. Nc3 {[%clk 1:31:31]} c5 {[%clk 1:31:21]} 4. cxd5
{[%clk 1:31:38]} exd5 {[%clk 1:31:41]} 5. Nf3 {[%clk 1:31:37]} Nc6
{[%clk 1:31:43]} 6. Bg5 {[%clk 1:31:38]} Nf6 {[%clk 1:26:24]} 7. Bxf6
{[%clk 1:31:01]} gxf6 {[%clk 1:26:44]} 8. e3 {[%clk 1:29:02]} Be6
{[%clk 1:16:04]} 9. Bb5 {[%clk 1:25:42]} a6 {[%clk 1:08:25]} 10. Bxc6+
{[%clk 1:23:44]} bxc6 {[%clk 1:08:45]} 11. Qa4 {[%clk 1:23:18]} Qb6
{[%clk 1:04:29]} 12. e4 {[%clk 1:17:37]} Rd8 {[%clk 0:58:56]} 13. exd5
{[%clk 1:09:26]} Bxd5 {[%clk 0:51:43]} 14. Nxd5 {[%clk 1:09:32]} Rxd5
{[%clk 0:51:57]} 15. dxc5 {[%clk 1:09:12]} Bxc5 {[%clk 0:47:17]} 16. O-O
{[%clk 1:07:15]} O-O {[%clk 0:45:26]} 17. Rac1 {[%clk 1:01:27]} Rfd8
{[%clk 0:38:44]} 18. b4 {[%clk 0:56:24]} Qxb4 {[%clk 0:37:38]} 19. Qxc6
{[%clk 0:55:36]} Qb6 {[%clk 0:34:09]} 20. Qa4 {[%clk 0:49:25]} Kh8
{[%clk 0:30:52]} 21. Rce1 {[%clk 0:46:02]} Rg8 {[%clk 0:27:06]} 22. Qc4
{[%clk 0:43:44]} Qc6 {[%clk 0:23:06]} 23. Qe4 {[%clk 0:41:35]} Rd6
{[%clk 0:18:34]} 24. Qxc6 {[%clk 0:40:33]} Rxc6 {[%clk 0:18:46]} 25. Rb1
{[%clk 0:38:04]} Rgc8 {[%clk 0:15:34]} 26. Rb7 {[%clk 0:36:07]} R8c7
{[%clk 0:15:13]} 27. Rxc7 {[%clk 0:34:30]} Rxc7 {[%clk 0:15:32]} 28. g3
{[%clk 0:34:01]} Kg8 {[%clk 0:14:28]} 29. Kg2 {[%clk 0:33:21]} Ba3
{[%clk 0:13:05]} 30. Rd1 {[%clk 0:31:38]} Rc2 {[%clk 0:12:11]} 31. Rd2
{[%clk 0:31:43]} Rxd2 {[%clk 0:09:18]} 32. Nxd2 {[%clk 0:31:46]} Bb4
{[%clk 0:09:18]} 33. Nc4 {[%clk 0:31:32]} Kf8 {[%clk 0:08:54]} 34. Kf3
{[%clk 0:31:06]} Ke7 {[%clk 0:08:30]} 35. Kg4 {[%clk 0:28:58]} Bc5
{[%clk 0:06:38]} 36. Ne3 {[%clk 0:28:27]} Kf8 {[%clk 0:03:34]} 37. Kf4
{[%clk 0:27:00]} Kg7 {[%clk 0:03:20]} 38. f3 {[%clk 0:25:42]} Kg6
{[%clk 0:02:07]} 39. Nd5 {[%clk 0:22:58]} Bd6+ {[%clk 0:01:54]} 40. Ke3
{[%clk 0:22:05]} Kf5 {[%clk 0:01:43]} 41. Kd4 {[%clk 0:21:14]} Ke6
{[%clk 0:01:31]} 42. Kc4 {[%clk 0:20:33]} h5 {[%clk 0:01:42]} 43. a4
{[%clk 0:18:41]} Kf5 {[%clk 0:00:51]} 44. Nb4 {[%clk 0:17:14]} a5
{[%clk 0:00:49]} 45. Nc6 {[%clk 0:17:27]} h4 {[%clk 0:00:43]} 46. Nxa5
{[%clk 0:16:38]} hxg3 {[%clk 0:01:06]} 47. hxg3 Bxg3 {[%clk 0:01:09]} 48. Nb3
{[%clk 0:16:29]} Bb8 {[%clk 0:00:51]} 49. Kd3 {[%clk 0:15:16]} Ke5
{[%clk 0:01:04]} 50. a5 {[%clk 0:13:25]} Kd5 {[%clk 0:01:15]} 51. Kc3
{[%clk 0:11:32]} Kc6 {[%clk 0:00:43]} 52. Kc4 {[%clk 0:11:27]} Ba7
{[%clk 0:00:53]} 53. Nd4+ {[%clk 0:11:28]} Kb7 {[%clk 0:00:51]} 54. Nb3
{[%clk 0:08:45]} Ka6 {[%clk 0:00:50]} 55. Kb4 {[%clk 0:08:38]} Bg1
{[%clk 0:00:34]} 56. Nc5+ {[%clk 0:08:42]} Ka7 {[%clk 0:00:39]} 57. Kb5
{[%clk 0:08:45]} Bd4 {[%clk 0:00:50]} 58. a6 {[%clk 0:07:28]} Bg1
{[%clk 0:00:41]} 59. Ne4 {[%clk 0:07:37]} Bd4 {[%clk 0:00:55]} 60. Nd6
{[%clk 0:07:51]} Bg1 {[%clk 0:01:02]} 61. Nxf7 {[%clk 0:07:50]} Bb6
{[%clk 0:01:17]} 62. Nd6 {[%clk 0:07:40]} Bg1 {[%clk 0:01:34]} 63. Nc4
{[%clk 0:07:54]} Bf2 {[%clk 0:01:44]} 64. Na5 {[%clk 0:07:33]} Bg1
{[%clk 0:01:31]} 65. Nc6+ {[%clk 0:07:44]} Ka8 {[%clk 0:01:55]} 66. Kc4
{[%clk 0:07:24]} f5 {[%clk 0:01:46]} 67. Kd5 {[%clk 0:06:51]} f4 {[%clk 0:02:04]}
68. Ke4 {[%clk 0:05:35]} Be3 {[%clk 0:02:24]} 69. Nd4 {[%clk 0:05:14]} Ka7
{[%clk 0:02:15]} 70. Ne6 {[%clk 0:05:27]} Kxa6 {[%clk 0:02:34]} 71. Nxf4
{[%clk 0:05:55]} Bc5 {[%clk 0:02:50]} 1/2-1/2

[Event "EYCC 2024 - G12"]
[Site "?"]
[Date "2024.08.26"]
[Round "5.16"]
[White "Levchenko, Alisa"]
[Black "Allahverdi, Zahra"]
[Result "1-0"]
[BlackElo "1698"]
[WhiteElo "1637"]
[LiveChessVersion "1.4.8"]

1. d4 Nf6 2. Nf3 e6 3. Bg5 Be7 4. Nbd2 d5 5. e3 c5 6. c3 Nbd7 7. Bd3 h6 8. Bf4
Nh5 9. Be5 Nhf6 10. O-O Nxe5 11. Nxe5 O-O 12. f4 Qc7 13. Ng4 Nxg4 14. Qxg4 e5 15.
Qh5 exd4 16. cxd4 cxd4 17. exd4 f5 18. Qf3 Be6 19. Rfc1 Qb6 20. Nb3 Rac8 21. Qf2
Rc6 22. Rxc6 Qxc6 23. Rc1 Qb6 24. Rc3 Bb4 25. Rc2 Bc8 26. Be2 Bd6 27. g3 Bd7 28.
Bf3 Be6 29. Re2 Bf7 30. Kg2 Rc8 31. Rc2 Rd8 32. Qd2 Qa6 33. a3 b6 34. Rc3 Qb7 35.
Qc2 Qd7 36. Nc1 Qe7 37. Qxf5 Bc7 38. Qc2 Bd6 39. b4 Qf6 40. Ne2 Be6 41. Qd2 Re8
42. Rc6 Bb8 43. Kf2 Qf7 44. Nc3 Kh8 45. Qa2 Rd8 46. Ne2 Qd7 47. Qc2 Bf5 48. Qc3
Qf7 49. Qb3 Qd7 50. Rc3 Qd6 51. Re3 Qd7 52. Nc1 Qc6 53. Nd3 Bc7 54. Ne5 Bxe5 55.
Rxe5 Be6 56. Qd3 Bg8 57. Re3 Bh7 58. Qc3 Qd6 59. Qe1 Bg6 60. Re6 1-0